Vlajky zemí začínající na N - Statistics

General Stats
  • This quiz has been taken 68 times
  • The average score is 9 of 10
Answer Stats
Picture Answer % Correct
Německo
100%
Nigérie
98%
Nizozemsko
98%
Nepál
96%
Norsko
94%
Nový Zéland
92%
Nikaragua
86%
Niger
80%
Namibie
73%
Nauru
71%
No matching quizzes found
Score Distribution
Percent of People with Each Score
Percentile by Number Answered
Your Score History
You have not taken this quiz